| 000 -LEADER |
| fixed length control field |
00698nam a2200241Ia 4500 |
| 001 - CONTROL NUMBER |
| control field |
975 |
| 003 - CONTROL NUMBER IDENTIFIER |
| control field |
GE_BSU |
| 008 - FIXED-LENGTH DATA ELEMENTS--GENERAL INFORMATION |
| fixed length control field |
181216s||||||||xx |||||||||||||| ||und|| |
| 040 ## - CATALOGING SOURCE |
| Transcribing agency |
GE_BSU |
| 080 ## - UNIVERSAL DECIMAL CLASSIFICATION NUMBER |
| Universal Decimal Classification number |
596(075.8) |
| 100 ## - MAIN ENTRY--PERSONAL NAME |
| Personal name |
Наумов,С.П. |
| 245 ## - TITLE STATEMENT |
| Title |
Зоология Позвоночных. |
| 245 ## - TITLE STATEMENT |
| Remainder of title |
для студ. пед.ин-тов.по Биологическим специальностям |
| 250 ## - EDITION STATEMENT |
| Edition statement |
Изд.4-е перараб |
| 260 ## - PUBLICATION, DISTRIBUTION, ETC. |
| Place of publication, distribution, etc. |
Москва |
| 260 ## - PUBLICATION, DISTRIBUTION, ETC. |
| Name of publisher, distributor, etc. |
,,Просвещение |
| 260 ## - PUBLICATION, DISTRIBUTION, ETC. |
| Date of publication, distribution, etc. |
1982 |
| 300 ## - PHYSICAL DESCRIPTION |
| Extent |
463 с. |
| 653 ## - INDEX TERM--UNCONTROLLED |
| Uncontrolled term |
Зоология Позвоночных. |
| 653 ## - INDEX TERM--UNCONTROLLED |
| Uncontrolled term |
ზოოლოგია |
| 942 ## - ADDED ENTRY ELEMENTS (KOHA) |
| Koha item type |
წიგნი |